Catálogo
 En Linea

Control y represión en la dictadura trujillista / (Registro nro. 26459)

Detalles MARC
000 -CABECERA
campo de control de longitud fija 01133nam a2200157 a 4500
001 - NÚMERO DE CONTROL
campo de control 000026967
005 - FECHA Y HORA DE LA ÚLTIMA TRANSACCIÓN
campo de control 20240229073954.0
008 - DATOS DE LONGITUD FIJA--INFORMACIÓN GENERAL
campo de control de longitud fija 110328s1986 dr 000 0 spa d
040 ## - FUENTE DE LA CATALOGACIÓN
Centro catalogador/agencia de origen DO-SdBNP
Lengua de catalogación spa
Centro/agencia transcriptor BNPHU
082 ## - NÚMERO DE LA CLASIFICACIÓN DECIMAL DEWEY
Número de clasificación xxx
Número de documento/Ítem V422c
100 1# - ENTRADA PRINCIPAL--NOMBRE DE PERSONA
Nombre de persona Vega, Bernardo,
Fechas asociadas al nombre 1938 -
9 (RLIN) 3222
245 10 - MENCIÓN DE TÍTULO
Título Control y represión en la dictadura trujillista /
Mención de responsabilidad, etc. Bernardo Vega.
260 ## - PUBLICACIÓN, DISTRIBUCIÓN, ETC.
Lugar de publicación, distribución, etc. Santo Domingo :
Nombre del editor, distribuidor, etc. Fundación Cultural Dominicana,
Fecha de publicación, distribución, etc. 1986.
300 ## - DESCRIPCIÓN FÍSICA
Extensión 134 p. ;
Dimensiones 28 cm.
505 2# - NOTA DE CONTENIDO CON FORMATO
Nota de contenido con formato Indice -- Introducción -- El control sobre los medios de comunicación -- El control sobre la correspondencia entre el país y el exterior -- El control sobre la correspondencia entre terceros países -- El control sobre la correspondencia interna -- La vigilancia sobre los periodistas extranjeros -- Se escucha y se bloquea la radio extranjera -- Se escucha el teléfono -- El control sobre las personas -- El control sobre los viajes internacionales -- La vigilancia sobre los diplomáticos extranjeros -- La vigilancia sobre los estudiantes en el extranjero -- Se envián desfectos a vivir en la frontera -- Controles misceláneos -- Índice onomástico.
Existencias
Estado de retiro Estado de pérdida No para préstamo Código de colección Localización permanente Ubicación/localización actual Ubicación en estantería Fecha de adquisición Número de inventario Total de préstamos Signatura topográfica completa Código de barras Fecha visto por última vez Precio válido a partir de Tipo de ítem Koha
    Excluido de préstamo Patrimonio Dominicano Patrimonio Dominicano Patrimonio Dominicano Depósito 28.03.2011 LF1   xxx V422c 26967-10 25.06.2020 25.06.2020 Libro y Folleto Colección Patrimonio Dominicano

Con tecnología Koha